000 01232cad a22002175a 4500
008 240710t2024 xxk fo 000 0 eng d
041 0 _aeng
110 2 _aRoyal Institution of Chartered Surveyors
_94900
245 0 0 _aProfessional indemnity insurance requirements: UK
_h[electronic resource]
250 _aversion 10
260 _aLondon,
_bRICS,
_c2024
490 0 _aRICS Rules of Conduct
500 _aPrior to 2024, RICS has not published separate PII Requirements Documents for the UK and of Ireland. However, following RICS’ latest consultation on PII Requirements in UK and Ireland that was undertaken in 2023, separate documents have now been published for each jurisdiction. This is to account for minor differences resulting from the cover that must be offered by insurers, where it interacts with legislation, following Brexit.
520 _aVersion 10 with effect from 1 July 2024
650 2 4 _aRICS MEMBERSHIP
650 2 4 _aPROFESSIONAL INDEMNITY INSURANCE
650 2 4 _aRICS RULES OF CONDUCT
651 4 _aInternational
856 4 8 _uhttps://www.rics.org/content/dam/ricsglobal/documents/regulation/July-2024-Professional-indemnity-insurance-requirements-UK.pdf
_zAvailable via RICS.org
942 _n0
_2ddc
999 _c121968
_d121968